00464 a2200157 4500010001400000020001000014035001300024037001500037082001100052100002700063245009500090260003700185270002900222300002800251700002700279 aENG-88060 c35.00 aEN-71593 bDBAD / PUB14a954.511 aKalita, Shree Benudhar1 aThe uprising of Phulaguri /cby Shree Benudhar Kalita; translated by Nityananda Pattanayak aAssambKrantikal Prakashanc2006 aM.G. Road, NagaonbAssam aviii, 86 p.c21 cm (Hb) aPattanayak, Nityananda